MyGZULibrary

HIPAA for health care professionals / (Record no. 11174)

MARC details
000 -LEADER
fixed length control field 01436cam a22003494a 4500
001 - CONTROL NUMBER
control field 15124020
003 - CONTROL NUMBER IDENTIFIER
control field GZU
005 - DATE AND TIME OF LATEST TRANSACTION
control field 20240402114217.0
008 - FIXED-LENGTH DATA ELEMENTS--GENERAL INFORMATION
fixed length control field 071228r20082008at ab b 001 0 eng
010 ## - LIBRARY OF CONGRESS CONTROL NUMBER
LC control number 2007943956
020 ## - INTERNATIONAL STANDARD BOOK NUMBER
International Standard Book Number 9781418080532 (pbk.)
020 ## - INTERNATIONAL STANDARD BOOK NUMBER
International Standard Book Number 1418080535 (pbk.)
022 ## - INTERNATIONAL STANDARD SERIAL NUMBER
International Standard Serial Number 1418080535 (pbk.)
040 ## - CATALOGING SOURCE
Original cataloging agency DLC
Transcribing agency DLC
050 00 - LIBRARY OF CONGRESS CALL NUMBER
Classification number KF3827
Item number KRA 2008
100 1# - MAIN ENTRY--PERSONAL NAME
Personal name Krager, Dan.
Relator term author
245 10 - TITLE STATEMENT
Title HIPAA for health care professionals /
Statement of responsibility, etc. Dan Krager, Carole Krager.
260 ## - PUBLICATION, DISTRIBUTION, ETC.
Place of publication, distribution, etc. Australia;
-- United States:
Name of publisher, distributor, etc. Delmar Cengage Learning,
Date of publication, distribution, etc. c2008.
300 ## - PHYSICAL DESCRIPTION
Extent xi, 171pages:
Other physical details ill.,map;
Dimensions 24cm.
500 ## - GENERAL NOTE
General note Originally published: Clifton Park, NY : Thomson Delmar Learning, c2008.
504 ## - BIBLIOGRAPHY, ETC. NOTE
Bibliography, etc. note Includes bibliographical references and index.
505 0# - FORMATTED CONTENTS NOTE
Formatted contents note Introduction to HIPAA -- Privacy issues explained -- Transactions and code sets -- Security rule explained -- Unique health identifiers and HIPAA myths.
520 ## - SUMMARY, ETC.
Summary, etc. HIPAA for health care professionals
610 10 - SUBJECT ADDED ENTRY--CORPORATE NAME
Corporate name or jurisdiction name as entry element United States.
Title of a work Health Insurance Portability and Accountability Act of 1996.
650 #0 - SUBJECT ADDED ENTRY--TOPICAL TERM
Topical term or geographic name entry element Medical records
General subdivision Law and legislation
Geographic subdivision United States.
650 #0 - SUBJECT ADDED ENTRY--TOPICAL TERM
Topical term or geographic name entry element Privacy, Right of
Geographic subdivision United States.
650 #0 - SUBJECT ADDED ENTRY--TOPICAL TERM
Topical term or geographic name entry element Medical records
General subdivision Access control
Geographic subdivision United States.
700 1# - ADDED ENTRY--PERSONAL NAME
Personal name Krager, Carole.
906 ## - LOCAL DATA ELEMENT F, LDF (RLIN)
a 7
b cbc
c orignew
d 2
e epcn
f 20
g y-gencatlg
942 ## - ADDED ENTRY ELEMENTS (KOHA)
Source of classification or shelving scheme Library of Congress Classification
Koha item type Books
Classification part 3827
Item part KRA
Call number prefix KF
Holdings
Withdrawn status Lost status Source of classification or shelving scheme Damaged status Not for loan Home library Current library Date acquired Source of acquisition Total Checkouts Full call number Barcode Date last seen Copy number Price effective from Koha item type
    Library of Congress Classification     Medical Library Medical Library 04/02/2024 Donation   KF3827KRA 2008 033184 04/02/2024 c.1 04/02/2024 Books